000
00301nam a22001217a 4500
040
_c
0
082
_a
297.266
_b
G4111 T
100
_a
Dr.Khalid Ghaznavi
245
_a
Tib e Nabvi aur Jadeed scienceĀ
260
_a
Lahore
_b
Al Faisal Nashran-O-Tajran Kitab
_c
1995
300
_a
503p.
942
_2
ddc
_c
BK
999
_c
614641
_d
614641